| 000 | 00516nam a2200169 a 4500 | ||
|---|---|---|---|
| 001 | 9301 | ||
| 003 | CO-ViMGA | ||
| 008 | 141112s2004 ck r 000 u spa d | ||
| 040 |
_aCO-ViMGA _bspa _cCO-ViMGA |
||
| 082 | 0 | 4 | _a332.4 H417 |
| 100 | 1 |
_aHayek ; Friedrich A., _93728 |
|
| 245 | 1 | 0 |
_aLa desnacionalización del Dinero. _cFriedrich A. Hayek |
| 260 |
_aBarcelona : _bOrbi, _c1983 |
||
| 300 | _a156p. | ||
| 650 | 1 | 4 |
_aDINERO FIDUCIARIO, MONEDA COMPETITIVA, VALOR DEL DINERO, OFERTA MONEDARIA. _93729 |
| 942 |
_2ddc _cBK |
||
| 999 |
_c20834 _d20834 |
||